01017 a2200205 4500003000500000005001700005020001500022040000900037082001800046100003200064245005800096260003400154300002500188505038400213650003400597700002400631942001200655999001900667952012500686Nust20221201143226.0 a0724600271 cNust a621.38152,HAS aHaskard, R. Maclolm9103929 aAnalog VLSI design nMOS and CMOS /cMlcolm R. Haskard aPrentice HallbNew Yorkc1988 a243 p.billusc24 cm aIntroduction (Page-1), nMOS The Basic MOS Process (Page-5), Components of CMOS Process (Page-39), Conventional Analog Methods (Page-62), Pseudonalog Techniques (Page-84), Amplifiers and Filters (Page-98), Conversion Methods (Page-113), Oscillators and Phase Locked Loops (Page-145), Sensors (Page-155), Ancillary Circuits (Page-180), Transistor Circuits Modeling (Page-191).  aTelecommunication Engineering aMay, Ian C.9103930 2ddccBK c182246d182246 00102ddc4070aMCSbMCScGENd2016-12-12o621.38152,HASpMCS682r2016-12-08w2016-12-12yBKzAlmirah No.33, Shelf No.5